[Event "Prague Golden Blitz op"]
[Site "Prague"]
[Date "2023.06.18"]
[Round "9"]
[White "Fabian, Jan"]
[Black "Potuznik, Cenek"]
[Result "1-0"]
[WhiteElo "2001"]
[BlackElo "1499"]
[PlyCount "63"]
[EventDate "2023.06.18"]
[EventType "swiss (blitz)"]
[EventRounds "11"]
[EventCountry "CZE"]
[SourceTitle "CBM 215 Extra"]
[Source "ChessBase"]
[SourceDate "2023.09.30"]
[SourceVersion "1"]
[SourceVersionDate "2023.09.30"]
[SourceQuality "1"]

1. e4 d6 2. d4 Nf6 3. Nc3 g6 4. Bg5 Bg7 5. Qd2 0-0 6. f3 Nc6 7. Nge2 e5 8. d5 Ne7 9. g4 c6 10. Ng3 Qc7 11. dxc6 bxc6 12. 0-0-0 Rd8 13. h4 d5 14. Bxf6 Bxf6 15. g5 Bg7 16. h5 d4 17. hxg6 fxg6 18. Bc4+ Kh8 19. Qh2 h6 20. Nce2 Ng8 21. gxh6 Bxh6+ 22. Kb1 Qh7 23. Bb3 Rb8 24. Qh4 Ba6 25. Bxg8 Rxg8 26. Qxh6 Qxh6 27. Rxh6+ Kg7 28. Rdh1 Rh8 29. Rxh8 Rxh8 30. Rxh8 Kxh8 31. f4 exf4 32. Nxf4 1-0